000 00647na a2200217 4500
001 19766
003 MIRAKIL
005 20181213155006.0
008 161226b tu 000 0
035 _a19766
040 _aMilas
_btur
_cTR-AnCHP
041 _atur
082 _a352.9561
_bY36 2008
090 _a352.9561 Y36 2008
245 _aYerel yönetimler ve 2009 yerel yönetimler seçimleri
_cMimarlar Odası Antalya Şubesi
260 _aAntalya
_bMimarlar Odası Antalya Şubesi
_c2008
300 _a202 s.
_c29 sm.
650 _aYerel yönetimler
_xSeçimler
_zTürkiye
710 _aMimarlar Odası Antalya Şubesi
942 _2ddc
_cBKS
999 _c4456
_d4456